[Event "Challenge"]
[Site "http://www.queenalice.com/game.php?id=125680"]
[Date "2006.11.5"]
[Round "-"]
[White "smagoo"]
[Black "lamixteca"]
[Result "1-0"]
[WhiteElo "2133"]
[BlackElo "1385"]

1. d4 d5 2. c4 Nf6 3. Nc3 c6 4. Nf3 h6 5. Bf4 Nbd7 6. e3 g5 7. Bg3 Ne4 8. Nxe4
dxe4 9. Nd2 b5 10. cxb5 cxb5 11. Bxb5 a6 12. Bc6 Qb6 13. Bxa8 Nf6 14. Qc2 e6 15.
Qc6+ Nd7 16. Qxb6 Nxb6 17. Bxe4 Na4 18. b3 Nb2 19. Be5 Nd3+ 20. Bxd3 Ke7 21.
Bxh8 Kd7 22. Nc4 Bb4+ 23. Ke2 Bc3 24. Nb6+ Kc7 25. Nxc8 Kxc8 26. Rac1 Kd7 27.
Rxc3 a5 28. Rhc1 1-0

[Event "Challenge"]
[Site "http://www.queenalice.com/game.php?id=125705"]
[Date "2006.11.5"]
[Round "-"]
[White "lamixteca"]
[Black "bibicari"]
[Result "0-1"]
[WhiteElo "1306"]
[BlackElo "1804"]

1. d4 e6 2. g3 d5 3. b3 c6 4. h4 Bd6 5. Bg5 f6 6. Be3 e5 7. c3 Ne7 8. Bh3 O-O 9.
Nd2 Bxh3 10. Nxh3 Nf5 11. Nf3 Nxe3 12. fxe3 e4 13. Nd2 Bxg3+ 14. Nf2 f5 15. Kf1
f4 16. Ng4 fxe3+ 17. Kg2 Bf2 18. Nf1 Qd6 19. Rh3 Qg6 20. Nh2 h5 21. Rg3 Bxg3 22.
Kxg3 hxg4 23. c4 Qd6+ 24. Kxg4 Qxh2 25. cxd5 Rf4+ 26. Kg5 Qxh4+ 27. Kg6 Rf6# 0-1

[Event "Let's Play Chess!"]
[Site "http://www.queenalice.com/game.php?id=126810"]
[Date "2006.11.8"]
[Round "-"]
[White "lamixteca"]
[Black "BlueMeanie"]
[Result "0-1"]
[WhiteElo "1336"]
[BlackElo "1877"]

1. d4 d5 2. Bf4 c5 3. Nf3 Nc6 4. e3 e6 5. Bb5 Qb6 6. a4 a6 7. Bxc6+ bxc6 8. a5
Qxb2 9. Nfd2 cxd4 10. Nb3 dxe3 11. fxe3 Qf6 12. g3 e5 13. Ra4 exf4 14. gxf4 Qh4+
15. Kd2 Nf6 16. Qe2 Ne4+ 17. Kd3 Bf5 18. Nc3 Ng3+ 19. e4 Nxe2 20. Nxe2 Bxe4+ 21.
Rxe4+ dxe4+ 22. Kxe4 Qf2 23. Ned4 Qg2+ 24. Nf3 Qxh1 25. c3 Qb1+ 26. Kd4 Qxb3 0-1

[Event "Challenge"]
[Site "http://www.queenalice.com/game.php?id=126812"]
[Date "2006.11.8"]
[Round "-"]
[White "chessman"]
[Black "lamixteca"]
[Result "1-0"]
[WhiteElo "1500"]
[BlackElo "1336"]

1. e4 e5 2. Nf3 f6 3. Bc4 Ne7 4. d4 b5 5. Bb3 d5 6. dxe5 c6 7. exf6 gxf6 8. exd5
Nxd5 9. O-O Bf5 10. Re1+ Kf7 11. Nc3 Be6 12. Qe2 Nd7 13. Qxe6+ Kg7 14. Qxc6 N7b6
15. Qxb5 Bb4 16. Bd2 Qc8 17. Nxd5 Bd6 18. Nxf6 Kxf6 19. Re6+ Kf7 20. Rxd6+ Kf8
21. Qh5 Nd7 22. Qf7# 1-0

[Event "Challenge"]
[Site "http://www.queenalice.com/game.php?id=126814"]
[Date "2006.11.8"]
[Round "-"]
[White "lamixteca"]
[Black "denzil"]
[Result "0-1"]
[WhiteElo "1298"]
[BlackElo "1632"]

1. Nf3 Nc6 2. c3 e5 3. g3 Nf6 4. b3 d5 5. d3 Bg4 6. Nbd2 Bc5 7. h3 Bf5 8. g4 Be6
9. b4 Bd6 10. b5 Ne7 11. Ng5 h6 12. Nxe6 fxe6 13. Nf3 Qd7 14. Rb1 e4 15. dxe4
Nxe4 16. Be3 Nxc3 17. Qc1 Nxb1 18. Qxb1 c6 19. h4 cxb5 20. Bd4 O-O 21. Qa1 Nc6
22. Rh3 Rf4 23. e3 Rxg4 24. Be2 e5 25. Bc3 d4 26. exd4 exd4 27. Bb2 Re8 28. a3
d3 29. Ne5 Nxe5 30. Rxd3 Nxd3+ 31. Kd2 Nxb2 32. Qxb2 Bxa3+ 33. Kc2 Rxe2+ 0-1

[Event "Challenge"]
[Site "http://www.queenalice.com/game.php?id=126815"]
[Date "2006.11.8"]
[Round "-"]
[White "lamixteca"]
[Black "TortugaChat"]
[Result "0-1"]
[WhiteElo "1309"]
[BlackElo "1670"]

1. Nc3 d5 2. Nxd5 Qxd5 3. b3 Nc6 4. e3 Nf6 5. Bc4 Qf5 6. Bb2 Ne4 7. f3 b5 8.
Bxb5 Qxb5 9. c4 Qf5 10. d3 Nf6 11. e4 Qa5+ 12. Kf1 e5 13. Ne2 Qb6 14. Qe1 Bc5
15. Bxe5 Nxe5 16. Qg3 O-O 17. Qxe5 Re8 18. Qf4 Bd6 19. Qd2 Bb7 20. h4 Nh5 21.
Rg1 Re6 22. g3 Nxg3+ 23. Nxg3 Rg6 24. h5 Rxg3 25. f4 Rf3+ 26. Ke1 Bxf4 27. Qg2
Qe3+ 28. Qe2 Qxg1+ 29. Qf1 Qxf1# 0-1

[Event "Challenge"]
[Site "http://www.queenalice.com/game.php?id=129578"]
[Date "2006.11.15"]
[Round "-"]
[White "patrick"]
[Black "lamixteca"]
[Result "0-1"]
[WhiteElo "1350"]
[BlackElo "1293"]

1. c3 Nc6 2. b3 d5 3. a4 Bf5 4. g4 Bxg4 5. Ba3 Nf6 6. h3 Bf5 7. e3 Ne5 8. Qe2
Be4 9. f3 Bd3 10. Qd1 Nh5 11. Rh2 b6 12. f4 g6 13. fxe5 Bg7 14. Bxd3 Bxe5 15.
Rf2 O-O 16. Nf3 Bg3 17. Ne5 Bxe5 18. Bb4 Ng3 19. h4 c5 20. Ba3 e6 21. a5 Qxh4
22. c4 Qh1+ 23. Rf1 Nxf1 24. Bxf1 Bxa1 25. Nc3 Qh4+ 26. Ke2 d4 27. Na2 d3+ 28.
Kxd3 Rad8+ 29. Ke2 Qg4+ 30. Ke1 Qg3+ 31. Ke2 Qh2+ 32. Kf3 Be5 33. d4 Qg3+ 34.
Ke4 f6 35. Kd3 cxd4 36. Nc1 dxe3+ 37. Bd6 Rxd6+ 38. Kc2 Rxd1 39. Kxd1 Qg4+ 40.
Be2 Rd8+ 41. Kc2 Rd2+ 42. Kb1 Qe4+ 43. Nd3 Rxe2 44. axb6 Qxd3+ 45. Kc1 Bb2# 0-1

[Event "Challenge"]
[Site "http://www.queenalice.com/game.php?id=135150"]
[Date "2006.11.30"]
[Round "-"]
[White "rica"]
[Black "lamixteca"]
[Result "0-1"]
[WhiteElo "1338"]
[BlackElo "1281"]

1. e4 Nf6 2. Nc3 e5 3. Nf3 c6 4. Nxe5 d6 5. Nf3 Be6 6. d3 Nbd7 7. Ng5 Bg4 8. f3
Bh5 9. g4 Bg6 10. d4 h6 11. Nh3 Nh7 12. Nf4 Qh4+ 13. Ke2 Be7 14. d5 cxd5 15.
Ncxd5 O-O 0-1

[Event "Challenge"]
[Site "http://www.queenalice.com/game.php?id=137364"]
[Date "2006.12.5"]
[Round "-"]
[White "danco69"]
[Black "lamixteca"]
[Result "1-0"]
[WhiteElo "1411"]
[BlackElo "1306"]

1. e4 d6 2. d4 e6 3. d5 Qe7 4. dxe6 fxe6 5. Bd3 g6 6. Nf3 d5 7. exd5 exd5+ 8.
Be2 Nf6 9. O-O Ng4 10. Re1 Qc5 11. Qd4 Qd6 12. h3 Nf6 13. Bf4 Qe7 14. Bb5+ c6
15. Rxe7+ Bxe7 16. Bd3 c5 17. Qe3 Nc6 18. Bg5 O-O 19. Bxf6 Bxf6 20. Qxc5 Bg7 21.
Qxd5+ Rf7 22. Bc4 h6 23. Qxf7+ Kh7 24. Qg8# 1-0

[Event "Challenge"]
[Site "http://www.queenalice.com/game.php?id=138099"]
[Date "2006.12.7"]
[Round "-"]
[White "lamixteca"]
[Black "vulture"]
[Result "1-0"]
[WhiteElo "1322"]
[BlackElo "1448"]

1. e4 e5 2. Nc3 Nf6 3. Bc4 Bc5 4. Nf3 O-O 5. Nxe5 d6 6. Nxf7 Rxf7 7. d4 Bb4 8.
O-O d5 9. Nxd5 Nbd7 10. e5 Nxd5 11. Bxd5 Kf8 12. a3 Be7 13. Qh5 g6 14. Qh6+ Ke8
15. e6 Rf8 16. Qxh7 Bf6 17. Qxg6+ Ke7 18. Qh7+ Kd6 19. c4 c6 20. Bf4+ Ne5 21.
c5+ Kxd5 22. dxe5 Bxe5 23. Rad1+ Bd4 24. Qh5+ Kc4 25. Qe2+ Kxc5 26. e7 Re8 27.
b4+ Kb6 28. exd8=Q+ Rxd8 29. h4 Bf5 30. Bg5 Rd7 31. g4 Bg6 32. Qe6 Be8 33. a4
Kc7 34. h5 Rc8 35. Bf4+ Kd8 36. Rfe1 Bf7 37. Qf6+ Bxf6 38. g5 Bc3 39. g6 Bxe1
40. Rxe1 Bd5 41. h6 Bf3 42. Be5 Bh5 43. h7 Ke7 44. g7 Bf7 45. h8=Q Bg8 46. Qh4+
Ke8 47. Bf6+ Kf7 48. Qg5 Rd5 49. Re7# 1-0

[Event "tequila"]
[Site "http://www.queenalice.com/game.php?id=142649"]
[Date "2006.12.17"]
[Round "-"]
[White "Enroque"]
[Black "lamixteca"]
[Result "1-0"]
[WhiteElo "1774"]
[BlackElo "1322"]

1. e4 e5 2. Bc4 Nc6 3. Nf3 d6 4. d3 Na5 5. Na3 Qd7 6. O-O Be7 7. Bd2 b6 8. d4
Nf6 9. d5 Nxe4 10. Bxa5 bxa5 11. Bb5 c6 12. Bxc6 O-O 13. Bxd7 Bxd7 14. Qe1 Bf5
15. Qxa5 Nf6 16. c4 Bd8 17. Qa6 e4 18. Nd4 Bc8 19. Qxd6 Ng4 20. h3 Nh6 21. Rfe1
Bf6 22. Rxe4 a5 23. Rae1 Bf5 24. Nxf5 Nxf5 25. Qc5 Ne7 26. Rxe7 1-0

[Event "tequila"]
[Site "http://www.queenalice.com/game.php?id=142650"]
[Date "2006.12.17"]
[Round "-"]
[White "Enroque"]
[Black "lamixteca"]
[Result "1-0"]
[WhiteElo "1774"]
[BlackElo "1322"]

1. e4 e5 2. Nf3 Nf6 3. d4 Nxe4 4. Nxe5 d6 5. Nd3 c5 6. dxc5 Qa5+ 7. b4 Qb5 8.
Qe2 d5 9. f3 Bd7 10. fxe4 d4 11. Bb2 Nc6 12. a3 Ne7 13. Bxd4 g6 14. Bxh8 O-O-O
15. Ne5 Bg7 16. Bxg7 Rg8 17. Bf6 Qxe2+ 18. Bxe2 b6 19. Bxe7 Re8 20. Bd6 Be6 21.
Ba6+ Kd8 22. Nc6+ Kd7 23. Ne5+ Kd8 24. Bb5 Rf8 25. Bxf8 g5 26. O-O f6 27. Rd1+
1-0

[Event "Challenge"]
[Site "http://www.queenalice.com/game.php?id=151787"]
[Date "2007.1.9"]
[Round "-"]
[White "lamixteca"]
[Black "hugo10"]
[Result "0-1"]
[WhiteElo "1353"]
[BlackElo "1452"]

1. d4 Nc6 2. Bf4 Nb4 3. c3 Nd5 4. e4 Nxf4 5. g3 Ng6 6. f4 e6 7. Bd3 c5 8. dxc5
Bxc5 9. Ne2 f5 10. b4 fxe4 11. Bxe4 d5 12. Bc2 Be3 13. Ba4+ Bd7 14. h4 Qf6 15.
Qd3 Bb6 16. Na3 Bxa4 17. h5 N6e7 18. c4 Qxa1+ 19. Nb1 Qxa2 20. g4 dxc4 0-1

[Event "Challenge"]
[Site "http://www.queenalice.com/game.php?id=153614"]
[Date "2007.1.13"]
[Round "-"]
[White "michel_spricigo"]
[Black "lamixteca"]
[Result "1-0"]
[WhiteElo "1469"]
[BlackElo "1336"]

1. e4 e5 2. Nf3 d6 3. Bc4 Nf6 4. Ng5 Be6 5. Bxe6 fxe6 6. Nxe6 Qe7 7. Nxf8 Qxf8
8. d3 Qe7 9. Nd2 Nc6 10. Nf3 O-O 11. a3 Ng4 12. O-O 1-0